[Event "1st FIDE OWCCCC Pools-East 2021"]
[Site "Online"]
[Date "2021.02.19"]
[Round "2.38"]
[White "Zaydman, Sander"]
[Black "Bhavsar, Dipen K"]
[Result "1/2-1/2"]
[WhiteElo "1287"]
[BlackElo "1518"]
[Annotator "NA"]
[PlyCount "149"]
[EventDate "2021.02.19"]
[EventType "team-tourn"]
[EventCountry "NET"]
[SourceTitle "playchess.com"]
[Source "ChessBase"]
[SourceQuality "1"]

1. d4 d5 2. Nf3 Bg4 3. Ne5 Bh5 4. g4 Bg6 5. Nxg6 hxg6 6. Bg2 c6 7. Nc3 Qd6 8. h3 Nd7 9. O-O e5 10. e4 Ngf6 11. Re1 O-O-O 12. Bg5 exd4 13. Qxd4 c5 14. Qa4 d4 15. Nd5 Qa6 16. Qxa6 bxa6 17. Nxf6 gxf6 18. Bf4 Ne5 19. Bxe5 fxe5 20. Rad1 Bh6 21. a3 a5 22. Rd3 Kd7 23. Red1 Ke6 24. c3 c4 25. Rf3 d3 26. h4 Bf4 27. Rh3 Rb8 28. Rb1 d2 29. Bf3 Kd6 30. Bd1 Kc5 31. f3 Rbd8 32. Kg2 Rb8 33. h5 gxh5 34. gxh5 Rbg8+ 35. Kf2 Rg5 36. h6 Rh7 37. Be2 Rg6 38. Rbh1 Rgxh6 39. Rxh6 Rxh6 40. Rxh6 Bxh6 41. Bd1 Bf4 42. Ke2 Kd6 43. Kf2 Ke6 44. Bc2 Kf6 45. b3 cxb3 46. Bxb3 Ke7 47. c4 Kd6 48. Ke2 Kc5 49. Kd3 f6 50. Kc3 Be3 51. Kd3 Bf4 52. Kc3 a6 53. Kd3 Kd6 54. Kc3 Kc6 55. Kd3 Kb6 56. a4 Kc5 57. Kc3 Kc6 58. Kd3 Kb6 59. Kc3 Kc5 60. Bc2 Be3 61. Bb3 Kd6 62. Bc2 Ke6 63. Bb3 Kf7 64. c5+ Ke7 65. Kc4 Kd7 66. Kd5 Kc7 67. c6 Bg5 68. Kc5 Be3+ 69. Kd5 Bf2 70. Bc2 Bg3 71. Bb3 Bf4 72. Bc2 Bg5 73. Bb3 Bf4 74. Bc2 Be3 75. Bb3 1/2-1/2

[Event "1st FIDE OWCCCC Pools-East 2021"]
[Site "Online"]
[Date "2021.02.19"]
[Round "2.38"]
[White "Lagoo, Raavi"]
[Black "Bottino, Alexiei"]
[Result "0-1"]
[WhiteElo "400"]
[BlackElo "2008"]
[Annotator "NA"]
[PlyCount "36"]
[EventDate "2021.02.19"]
[EventType "team-tourn"]
[EventCountry "NET"]
[SourceTitle "playchess.com"]
[Source "ChessBase"]
[SourceQuality "1"]

1. g3 d5 2. f4 g6 3. Nh3 Bg7 4. b4 c6 5. Bb2 Bxb2 6. Ng5 h6 7. Nh3 Bxa1 8. Bg2 Bg7 9. Bf3 Bxh3 10. a3 Nf6 11. Nc3 Nbd7 12. Na4 e5 13. fxe5 Nxe5 14. Bg4 Nexg4 15. Nc5 O-O 16. Nxb7 Qd7 17. a4 Qf5 18. Rf1 Qxf1# 0-1

[Event "1st FIDE OWCCCC Pools-East 2021"]
[Site "Online"]
[Date "2021.02.19"]
[Round "2.39"]
[White "Atserias Batalla, Jordi"]
[Black "Auti, Sonu"]
[Result "1-0"]
[WhiteElo "1801"]
[BlackElo "510"]
[Annotator "NA"]
[PlyCount "39"]
[EventDate "2021.02.19"]
[EventType "team-tourn"]
[EventCountry "NET"]
[SourceTitle "playchess.com"]
[Source "ChessBase"]
[SourceQuality "1"]

1. d4 e6 2. e4 Nf6 3. e5 Ne4 4. Nf3 Nc6 5. c3 a6 6. Bd3 Nxf2 7. Kxf2 d6 8. Re1 h6 9. Bf4 d5 10. Nbd2 Na5 11. Kg1 g5 12. Be3 Bg7 13. Rf1 Bd7 14. Nb3 Nxb3 15. axb3 f6 16. Bg6+ Kf8 17. c4 fxe5 18. Nxe5+ Ke7 19. Rf7+ Kd6 20. c5# 1-0

[Event "1st FIDE OWCCCC Pools-East 2021"]
[Site "Online"]
[Date "2021.02.19"]
[Round "2.39"]
[White "Sushant Sharma"]
[Black "Vadhani, Nikitesh"]
[Result "1/2-1/2"]
[WhiteElo "1089"]
[BlackElo "1628"]
[Annotator "NA"]
[PlyCount "140"]
[EventDate "2021.02.19"]
[EventType "team-tourn"]
[EventCountry "NET"]
[SourceTitle "playchess.com"]
[Source "ChessBase"]
[SourceQuality "1"]

1. d4 d5 2. c4 e6 3. Nc3 c5 4. Nf3 cxd4 5. Nxd4 Nf6 6. e3 dxc4 7. Bxc4 Bc5 8. O-O O-O 9. a3 Bxd4 10. exd4 Nc6 11. Be3 h6 12. Qd3 a6 13. Rfd1 b5 14. Ba2 b4 15. Ne4 Nd5 16. Rac1 Nce7 17. Bb1 bxa3 18. bxa3 Nf5 19. Nc5 Ndxe3 20. fxe3 Qg5 21. Rd2 Qxe3+ 22. Kh1 Qxd3 23. Rxd3 Rb8 24. Rcd1 Bb7 25. Nd7 Be4 26. Nxf8 Kxf8 27. Bc2 Rb2 28. R1d2 Bxd3 29. Rxd3 Rxc2 30. h3 Rc1+ 31. Kh2 f6 32. d5 exd5 33. Rxd5 Nh4 34. Kg3 g5 35. Ra5 Rc6 36. Kh2 Kg7 37. Kg3 Kg6 38. Kh2 f5 39. Kg3 h5 40. Kh2 f4 41. Kg1 Rc1+ 42. Kh2 Kh6 43. Rxa6+ Kg7 44. Ra5 Kf6 45. Rb5 Rc3 46. a4 Kg6 47. a5 g4 48. hxg4 hxg4 49. Rb2 f3 50. gxf3 gxf3 51. Ra2 Kf5 52. Kg3 Ng6 53. a6 Rc8 54. a7 Ra8 55. Kxf3 Ne5+ 56. Kg3 Nc6 57. Ra6 Nxa7 58. Kf3 Ke5 59. Ra5+ Kd6 60. Kg4 Kc6 61. Ra6+ Kb5 62. Ra1 Kb6 63. Kf5 Kb7 64. Rb1+ Ka6 65. Ra1+ Kb7 66. Ke6 Re8+ 67. Kd7 Re3 68. Rb1+ Ka6 69. Ra1+ Kb7 70. Rb1+ Ka6 1/2-1/2

[Event "1st FIDE OWCCCC Pools-East 2021"]
[Site "Online"]
[Date "2021.02.19"]
[Round "2.40"]
[White "Saket K Rao"]
[Black "Pankaj T P"]
[Result "1-0"]
[WhiteElo "1166"]
[BlackElo "1120"]
[Annotator "NA"]
[PlyCount "57"]
[EventDate "2021.02.19"]
[EventType "team-tourn"]
[EventCountry "NET"]
[SourceTitle "playchess.com"]
[Source "ChessBase"]
[SourceQuality "1"]

1. e4 e5 2. Nf3 Nc6 3. Nc3 Bc5 4. Bc4 Nf6 5. d3 O-O 6. Be3 Bb6 7. O-O Nd4 8. Nxe5 d6 9. Nf3 Nxf3+ 10. Qxf3 Be6 11. Bb3 c6 12. Qe2 Ng4 13. Bxb6 Qxb6 14. Bxe6 fxe6 15. Qxg4 Rf6 16. Rab1 Raf8 17. Qe2 e5 18. Nd1 a5 19. Ne3 g6 20. Ng4 Rf4 21. g3 Rf3 22. Kg2 h5 23. Ne3 Qd8 24. h4 b5 25. a3 g5 26. hxg5 R3f7 27. Qxh5 Rg7 28. Rh1 Rxg5 29. Qh7# 1-0

[Event "1st FIDE OWCCCC Pools-East 2021"]
[Site "Online"]
[Date "2021.02.19"]
[Round "2.40"]
[White "touchmove"]
[Black "George, Olufemi"]
[Result "0-1"]
[WhiteElo "522"]
[BlackElo "1766"]
[Annotator "NA"]
[PlyCount "68"]
[EventDate "2021.02.19"]
[EventType "team-tourn"]
[EventCountry "NET"]
[SourceTitle "playchess.com"]
[Source "ChessBase"]
[SourceQuality "1"]

1. e4 g6 2. Nf3 Bg7 3. Nc3 c5 4. Ng5 h6 5. Nh3 Nc6 6. Bc4 e6 7. Qf3 Ne5 8. Qd3 Nxd3+ 9. Ke2 Ne5 10. Bb5 a6 11. Ba4 b5 12. Bb3 c4 13. Bxc4 bxc4 14. d4 cxd3+ 15. cxd3 Ne7 16. d4 N5c6 17. g4 O-O 18. Nf4 Nxd4+ 19. Kd3 a5 20. Nb5 Nxb5 21. Kc4 Ba6 22. Kd3 Nd4+ 23. Ke3 Qb6 24. Rd1 Nc2+ 25. Kf3 Nxa1 26. Rxd7 Nc6 27. Be3 Ne5+ 28. Kg3 Qxb2 29. Rd6 Bf1 30. Rd5 Qb1 31. Rxe5 Bxe5 32. f3 Qxa2 33. Kh4 Qxh2+ 34. Nh3 Qxh3# 0-1

[Event "1st FIDE OWCCCC Pools-East 2021"]
[Site "Online"]
[Date "2021.02.19"]
[Round "2.41"]
[White "Prusty, Pulak"]
[Black "Popov, Dmitry B."]
[Result "1-0"]
[WhiteElo "1808"]
[BlackElo "2049"]
[Annotator "NA"]
[PlyCount "79"]
[EventDate "2021.02.19"]
[EventType "team-tourn"]
[EventCountry "NET"]
[SourceTitle "playchess.com"]
[Source "ChessBase"]
[SourceQuality "1"]

1. e4 c5 2. Nf3 d6 3. c3 Nc6 4. Bb5 Bd7 5. O-O a6 6. Ba4 Nf6 7. d3 g6 8. h3 Bg7 9. Bf4 O-O 10. Re1 e5 11. Bg5 Qb6 12. Qd2 Qc7 13. Na3 Qc8 14. Bc2 Bxh3 15. gxh3 Qxh3 16. Bd1 h6 17. Bxf6 Bxf6 18. Nc4 Rad8 19. Re3 Qg4+ 20. Kh1 Qh3+ 21. Nh2 Qe6 22. Bg4 Qe7 23. Rg3 Bg5 24. Ne3 d5 25. exd5 Nb8 26. Qe2 Bxe3 27. Qxe3 h5 28. Bxh5 Rxd5 29. c4 Rd6 30. f4 Kh7 31. fxe5 Re6 32. Bg4 Rxe5 33. Rh3+ Kg7 34. Qh6+ Kf6 35. Rf1+ Rf5 36. Rxf5+ Ke6 37. Re3+ Kd6 38. Rd5+ Kc6 39. Rxe7 Kb6 40. Qxf8 1-0

[Event "1st FIDE OWCCCC Pools-East 2021"]
[Site "Online"]
[Date "2021.02.19"]
[Round "2.41"]
[White "Markus, Volodymyr"]
[Black "Chaturvedi, Muktansh"]
[Result "0-1"]
[WhiteElo "1310"]
[BlackElo "1480"]
[Annotator "NA"]
[PlyCount "86"]
[EventDate "2021.02.19"]
[EventType "team-tourn"]
[EventCountry "NET"]
[SourceTitle "playchess.com"]
[Source "ChessBase"]
[SourceQuality "1"]

1. e4 c5 2. Bc4 e6 3. d3 d6 4. Nf3 Be7 5. Nc3 Nf6 6. h3 O-O 7. O-O a6 8. Re1 b5 9. Bb3 Bb7 10. e5 dxe5 11. Nxe5 Nc6 12. Nxc6 Bxc6 13. Ne2 Qc7 14. Bf4 Bd6 15. Bxd6 Qxd6 16. Ng3 Qf4 17. Re3 Rad8 18. Qe2 Nd5 19. Re5 Ne7 20. Rxc5 Bd5 21. Bxd5 Nxd5 22. Rc6 Ra8 23. Re1 Qa4 24. a3 b4 25. Rc4 a5 26. axb4 axb4 27. c3 Rac8 28. Rxc8 Rxc8 29. c4 Nf6 30. Qe5 Qc2 31. Qe2 Qa4 32. Ne4 Nxe4 33. Qxe4 b3 34. Qb7 Rd8 35. Qf3 Qa5 36. Qf4 Qxe1+ 37. Kh2 f6 38. f3 Qe5 39. Qxe5 fxe5 40. Kg3 Rxd3 41. Kf2 Rd2+ 42. Ke3 Rxb2 43. Kd3 Rc2 0-1

[Event "1st FIDE OWCCCC Pools-East 2021"]
[Site "Online"]
[Date "2021.02.19"]
[Round "2.41"]
[White "Kancharla, Kalyan K"]
[Black "Kuklin, Valentin"]
[Result "0-1"]
[WhiteElo "1062"]
[BlackElo "2382"]
[Annotator "TA"]
[PlyCount "184"]
[EventDate "2021.02.19"]
[EventType "team-tourn"]
[EventCountry "NET"]
[SourceTitle "playchess.com"]
[Source "ChessBase"]
[SourceQuality "1"]

1. e4 e6 2. d4 d5 3. exd5 exd5 4. Bd3 Nc6 5. Nf3 Bd6 6. h3 Nge7 7. O-O Bf5 8. Re1 Qd7 9. c3 O-O-O 10. b4 Rde8 11. a4 Ng6 12. Be3 Nf4 13. Bxf4 Bxf4 14. Bxf5 Qxf5 15. Na3 Re4 16. Ra2 Rhe8 17. Rae2 f6 18. Nc2 g5 19. Ne3 Bxe3 20. Rxe3 Rxe3 21. Rxe3 Rxe3 22. fxe3 h5 23. Nh2 Qe4 24. Qf3 f5 25. g4 fxg4 26. Qxe4 dxe4 27. hxg4 h4 28. Nf1 Ne7 29. Nd2 Nd5 30. Nxe4 Nxe3 31. Nxg5 Nxg4 32. Kg2 Kd7 33. Kh3 Nf2+ 34. Kxh4 Nd1 35. Ne4 Kc6 36. c4 Nb2 37. d5+ Kd7 38. c5 Nxa4 39. Kg4 Nb2 40. Kf3 Nd3 41. b5 Nb4 42. Nc3 Nd3 43. Na4 b6 44. cxb6 axb6 45. Ke4 Nf2+ 46. Kd4 Ng4 47. Nc3 Kd6 48. Na4 Nh6 49. Ke4 Ng4 50. Kd4 Nh6 51. Ke4 Ng8 52. Kd4 Ne7 53. Nc3 Nf5+ 54. Ke4 Ng3+ 55. Kd4 Nf1 56. Kc4 Ke5 57. Kd3 Nh2 58. Kc4 Ng4 59. Kd3 Nf6 60. Kc4 Ne8 61. Kd3 Nd6 62. Ke3 Kf5 63. Kd4 Kf4 64. Kd3 Nf5 65. Kc4 Ke3 66. Nb1 Nd6+ 67. Kb4 Kd4 68. Nc3 Ne4 69. Nxe4 Kxe4 70. Kc4 Ke5 71. d6 cxd6 72. Kd3 d5 73. Ke3 d4+ 74. Kd3 Kd5 75. Kd2 Kc4 76. Kc2 Kxb5 77. Kd3 Kc5 78. Kd2 Kc4 79. Kc2 b5 80. Kd2 b4 81. Kc2 b3+ 82. Kb2 d3 83. Kc1 Kc3 84. Kd1 b2 85. Ke1 b1=Q+ 86. Kf2 d2 87. Ke2 d1=Q+ 88. Ke3 Qd4+ 89. Kf3 Qbe4+ 90. Kg3 Qdd3+ 91. Kf2 Qee2+ 92. Kg1 Qdd1# 0-1

[Event "1st FIDE OWCCCC Pools-East 2021"]
[Site "Online"]
[Date "2021.02.19"]
[Round "2.42"]
[White "Kuimov, Vasily"]
[Black "phantom"]
[Result "0-1"]
[WhiteElo "1371"]
[BlackElo "1408"]
[Annotator "NA"]
[PlyCount "78"]
[EventDate "2021.02.19"]
[EventType "team-tourn"]
[EventCountry "NET"]
[SourceTitle "playchess.com"]
[Source "ChessBase"]
[SourceQuality "1"]

1. h4 e5 2. g4 Bc5 3. g5 d6 4. d3 f6 5. Nf3 Nc6 6. Nc3 Be6 7. e4 h6 8. Na4 hxg5 9. Nxc5 dxc5 10. Be3 b6 11. Bg2 gxh4 12. Qd2 h3 13. Bf1 Nd4 14. Bxd4 exd4 15. O-O-O Qd7 16. b3 Qb5 17. e5 Qa6 18. Kb2 O-O-O 19. Re1 fxe5 20. Nxe5 Nf6 21. Nc6 Rde8 22. Qg5 Qb7 23. Rxe6 Rxe6 24. Qxg7 Rg8 25. Qf7 Qxc6 26. Bxh3 Rge8 27. Bxe6+ Rxe6 28. Rh8+ Kb7 29. Qf8 Qe8 30. Qg7 Qe7 31. Qg2+ Ka6 32. Rb8 c6 33. Rh8 b5 34. c4 dxc3+ 35. Kxc3 Nd5+ 36. Kb2 Qf6+ 37. Kc2 Qxh8 38. Kd2 Qc3+ 39. Kd1 Re1# 0-1

[Event "1st FIDE OWCCCC Pools-East 2021"]
[Site "Online"]
[Date "2021.02.19"]
[Round "2.43"]
[White "Mohammadi, Pari"]
[Black "Tvardovskaya, Darya"]
[Result "0-1"]
[WhiteElo "1705"]
[BlackElo "1154"]
[Annotator "NA"]
[PlyCount "66"]
[EventDate "2021.02.19"]
[EventType "team-tourn"]
[EventCountry "NET"]
[SourceTitle "playchess.com"]
[Source "ChessBase"]
[SourceQuality "1"]

1. e4 e5 2. Nf3 Nc6 3. Bc4 Nf6 4. Nc3 Be7 5. O-O O-O 6. Nd5 d6 7. a3 a6 8. d3 b5 9. Bb3 Be6 10. Bg5 h6 11. Bxf6 Bxf6 12. c4 bxc4 13. Bxc4 a5 14. Bb5 Na7 15. Bc4 c6 16. Nc3 d5 17. exd5 cxd5 18. Bb3 Rb8 19. d4 e4 20. Nd2 Bxd4 21. Qc2 Nc6 22. Kh1 Qh4 23. f3 exf3 24. Nxf3 Qh5 25. Ba2 Bf6 26. Bb1 g6 27. Qe2 Nd4 28. Qd2 Nf5 29. Bxf5 Bxf5 30. Qxd5 Rxb2 31. Qxa5 Qg4 32. g3 Qh3 33. Nd5 Qg2# 0-1

[Event "1st FIDE OWCCCC Pools-East 2021"]
[Site "Online"]
[Date "2021.02.19"]
[Round "2.43"]
[White "Shusta, Dmytro"]
[Black "Mutyala Santosh Krishna"]
[Result "1-0"]
[WhiteElo "1684"]
[BlackElo "1252"]
[Annotator "NA"]
[PlyCount "129"]
[EventDate "2021.02.19"]
[EventType "team-tourn"]
[EventCountry "NET"]
[SourceTitle "playchess.com"]
[Source "ChessBase"]
[SourceQuality "1"]

1. e4 e5 2. Nf3 Nc6 3. Bc4 h6 4. Nc3 Nf6 5. d3 Bc5 6. Be3 Bb6 7. O-O O-O 8. h3 d6 9. Nd5 Nxd5 10. Bxd5 Ne7 11. Bb3 Be6 12. Qd2 Bxe3 13. fxe3 Ng6 14. c4 c6 15. Bd1 d5 16. exd5 cxd5 17. Qc3 dxc4 18. dxc4 Rc8 19. b3 f6 20. Be2 Qb6 21. Rac1 Nf4 22. Kf2 Nxe2 23. Kxe2 Rfd8 24. Rfd1 Rxd1 25. Rxd1 Rd8 26. Rxd8+ Qxd8 27. Qd3 Qa5 28. a4 Qc7 29. Nd2 a6 30. Qc3 b6 31. Ne4 Qc6 32. Qd3 Bf5 33. Kf3 Kf7 34. g4 Bxe4+ 35. Qxe4 Qxe4+ 36. Kxe4 Ke6 37. b4 g6 38. a5 f5+ 39. gxf5+ gxf5+ 40. Kd3 bxa5 41. bxa5 f4 42. exf4 exf4 43. Ke4 Kd6 44. Kxf4 Kc5 45. Kf5 Kxc4 46. Kg6 Kb5 47. Kxh6 Kxa5 48. Kg6 Kb5 49. h4 a5 50. h5 a4 51. h6 a3 52. h7 Kb4 53. h8=Q Kb3 54. Qa1 a2 55. Kf5 Ka3 56. Ke4 Kb3 57. Kd3 Ka3 58. Kc3 Ka4 59. Qxa2+ Kb5 60. Qc4+ Ka5 61. Qb3 Ka6 62. Kc4 Ka7 63. Kc5 Ka8 64. Kc6 Ka7 65. Qb7# 1-0

[Event "1st FIDE OWCCCC Pools-East 2021"]
[Site "Online"]
[Date "2021.02.19"]
[Round "2.44"]
[White "Leick, Philippe"]
[Black "Nair, Sanjeev"]
[Result "1-0"]
[WhiteElo "1945"]
[BlackElo "2143"]
[Annotator "NA"]
[PlyCount "73"]
[EventDate "2021.02.19"]
[EventType "team-tourn"]
[EventCountry "NET"]
[SourceTitle "playchess.com"]
[Source "ChessBase"]
[SourceQuality "1"]

1. Nf3 d5 2. c4 Nf6 3. cxd5 Nxd5 4. e4 Nb6 5. d4 Bg4 6. Be3 e6 7. Nc3 Bb4 8. Be2 Bxc3+ 9. bxc3 a6 10. O-O h6 11. Rb1 O-O 12. a4 N6d7 13. Rxb7 Nf6 14. Qc2 Nbd7 15. Bf4 Nh5 16. Bxc7 Qe8 17. Bd6 Qc8 18. Rfb1 Re8 19. Rc7 Qd8 20. Rbb7 Nhf6 21. e5 Nd5 22. Rxd7 Qxd7 23. Rxd7 Nf4 24. h3 Bf5 25. Qb2 Rac8 26. Bxa6 Ra8 27. Qb7 Bg6 28. Nh4 Bh5 29. g4 Nxh3+ 30. Kh2 Ng5 31. f4 Nf3+ 32. Nxf3 Bg6 33. Nh4 Red8 34. Nxg6 fxg6 35. Rxg7+ Kh8 36. Rh7+ Kg8 37. Qf7# 1-0

[Event "1st FIDE OWCCCC Pools-East 2021"]
[Site "Online"]
[Date "2021.02.19"]
[Round "2.45"]
[White "Manish, Mehra"]
[Black "Jerome, Rombaut"]
[Result "*"]
[WhiteElo "2140"]
[BlackElo "1388"]
[Annotator "TA"]
[PlyCount "104"]
[EventDate "2021.02.19"]
[EventType "team-tourn"]
[EventCountry "NET"]
[SourceTitle "playchess.com"]
[Source "ChessBase"]
[SourceQuality "1"]

1. e4 c5 2. Nf3 Nc6 3. d4 cxd4 4. Nxd4 g6 5. c4 Bg7 6. Be3 Qb6 7. Nb5 Qa5+ 8. N1c3 a6 9. Nd4 Qb6 10. Nxc6 Qxc6 11. Qd3 Rb8 12. Be2 Nf6 13. O-O O-O 14. Rac1 d6 15. f4 Bg4 16. Bxg4 Nxg4 17. Nd5 Qd7 18. Ba7 Rbe8 19. Bd4 e5 20. Bc3 b5 21. cxb5 Qxb5 22. Qxb5 axb5 23. h3 Nf6 24. Nc7 Nxe4 25. Nxe8 Nxc3 26. bxc3 Rxe8 27. fxe5 dxe5 28. Rb1 Rb8 29. c4 b4 30. Rb3 e4 31. Rc1 e3 32. Kf1 Bh6 33. Ke2 Rd8 34. Rc2 Rb8 35. c5 Kf8 36. a3 Ke7 37. axb4 Kd7 38. b5 f5 39. Rd3+ Kc7 40. b6+ Kc6 41. Rd6+ Kb5 42. Rd1 f4 43. Rb1+ Kc6 44. Rc4 g5 45. Rd1 Bf8 46. h4 h6 47. hxg5 hxg5 48. Rdc1 Rd8 49. Rd1 Ra8 50. Kf3 Ra2 51. b7 Rf2+ 52. Kg4 Rxg2+ *

[Event "1st FIDE OWCCCC Pools-East 2021"]
[Site "Online"]
[Date "2021.02.19"]
[Round "2.45"]
[White "Lukyanov, Artem"]
[Black "Kanarkiewicz, Michal"]
[Result "0-1"]
[WhiteElo "1199"]
[BlackElo "2096"]
[Annotator "NA"]
[PlyCount "76"]
[EventDate "2021.02.19"]
[EventType "team-tourn"]
[EventCountry "NET"]
[SourceTitle "playchess.com"]
[Source "ChessBase"]
[SourceQuality "1"]

1. e4 c5 2. Nf3 d6 3. c3 Nf6 4. d3 Nc6 5. Be2 g6 6. O-O Bg7 7. Bg5 O-O 8. Qc1 e5 9. Na3 Be6 10. h3 Rb8 11. Nc2 b5 12. Bh6 Nh5 13. Bg5 Qd7 14. Nh2 Nf6 15. f4 exf4 16. Bxf4 b4 17. Bh6 d5 18. Qf4 Ne8 19. Bxg7 Nxg7 20. e5 bxc3 21. bxc3 Rb2 22. Bd1 d4 23. c4 Qc7 24. Re1 Bf5 25. Na3 a6 26. Bf3 Re8 27. Bd5 Nb4 28. Be4 Qxe5 29. Qxe5 Rxe5 30. Bxf5 Rxe1+ 31. Rxe1 Nxf5 32. Rd1 Ne3 33. Rb1 Rxg2+ 34. Kh1 Rxa2 35. Rb3 Ra1+ 36. Nb1 Na2 37. Nf3 Nc3 38. Rb8+ Kg7 0-1

[Event "1st FIDE OWCCCC Pools-East 2021"]
[Site "Online"]
[Date "2021.02.19"]
[Round "2.45"]
[White "Hoholis, George"]
[Black "Sudhanshu Khandelwal"]
[Result "0-1"]
[WhiteElo "1109"]
[BlackElo "1343"]
[Annotator "NA"]
[PlyCount "138"]
[EventDate "2021.02.19"]
[EventType "team-tourn"]
[EventCountry "NET"]
[SourceTitle "playchess.com"]
[Source "ChessBase"]
[SourceQuality "1"]

1. d4 Nf6 2. c4 g6 3. Nc3 d5 4. Bg5 Bg7 5. e3 c6 6. Nf3 O-O 7. Be2 Nbd7 8. O-O Re8 9. b4 h6 10. Bf4 Nh5 11. Bg3 Nxg3 12. hxg3 Nf6 13. Qb3 Be6 14. b5 dxc4 15. Bxc4 Bxc4 16. Qxc4 Rc8 17. Qb3 Qb6 18. Na4 Qxb5 19. Qxb5 cxb5 20. Nc5 b6 21. Nb3 Rc7 22. Rac1 Rec8 23. Rxc7 Rxc7 24. Rc1 Rxc1+ 25. Nxc1 e6 26. Kf1 Nd5 27. Ne2 Bf8 28. Ne5 Kg7 29. Ke1 b4 30. Kd2 Bd6 31. Nc4 Bc7 32. Nc1 Nc3 33. a3 Ne4+ 34. Ke2 bxa3 35. Nxa3 h5 36. Nb5 Bb8 37. Nd3 a6 38. Na3 b5 39. f3 Nf6 40. Kd2 Bd6 41. Nb1 a5 42. Kc3 Nd5+ 43. Kd2 Bxg3 44. f4 Bh4 45. Ne5 Bf2 46. e4 Nxf4 47. d5 exd5 48. exd5 Nxd5 49. Nc6 a4 50. Na5 b4 51. Nc3 Nxc3 52. Nc4 a3 53. Nxa3 bxa3 54. Kxc3 Bc5 55. Kb3 Be7 56. Ka2 Kf6 57. g3 Kf5 58. g4+ Kxg4 59. Kb3 Kg3 60. Ka2 h4 61. Kb3 h3 62. Ka2 h2 63. Kb3 h1=Q 64. Ka2 Qh2+ 65. Kb3 Qb2+ 66. Kc4 a2 67. Kd3 a1=Q 68. Kc4 Qa4+ 69. Kd5 Qbb5# 0-1

[Event "1st FIDE OWCCCC Pools-East 2021"]
[Site "Online"]
[Date "2021.02.19"]
[Round "2.45"]
[White "Bangalore Seshadri, Keshavaprasad"]
[Black "De Oliveira, Bernardo Lino"]
[Result "0-1"]
[WhiteElo "1079"]
[BlackElo "2100"]
[Annotator "NA"]
[PlyCount "90"]
[EventDate "2021.02.19"]
[EventType "team-tourn"]
[EventCountry "NET"]
[SourceTitle "playchess.com"]
[Source "ChessBase"]
[SourceQuality "1"]

1. e4 c5 2. Nf3 d6 3. d4 cxd4 4. Nxd4 Nf6 5. Nc3 a6 6. Bg5 e6 7. f4 Be7 8. e5 dxe5 9. fxe5 Nd5 10. Bxe7 Nxe7 11. Qg4 Ng6 12. O-O-O Qa5 13. h4 Qxe5 14. h5 Qf4+ 15. Qxf4 Nxf4 16. g4 e5 17. Nf5 Bxf5 18. gxf5 Nc6 19. Bc4 b5 20. Bd5 Nxd5 21. Nxd5 O-O 22. Rhg1 f6 23. h6 Ra7 24. hxg7 Rxg7 25. Rxg7+ Kxg7 26. Rg1+ Kf7 27. Rh1 Rh8 28. Rh6 Kg7 29. Rxf6 Nd4 30. Rxa6 h5 31. f6+ Kg6 32. Ra7 h4 33. Rg7+ Kh6 34. Rg2 h3 35. Rh2 Kg6 36. Kd2 Nf3+ 37. Ke3 Nxh2 38. Ke4 Ng4 39. Kf3 Nxf6 40. Nxf6 Kxf6 41. Kg3 h2 42. b3 h1=Q 43. a4 Qf1 44. axb5 Rg8+ 45. Kh2 Qg2# 0-1

[Event "1st FIDE OWCCCC Pools-East 2021"]
[Site "Online"]
[Date "2021.02.19"]
[Round "2.46"]
[White "Agarwal, Akshat"]
[Black "Alexias, Pavlos"]
[Result "1-0"]
[WhiteElo "1382"]
[BlackElo "1102"]
[Annotator "NA"]
[PlyCount "97"]
[EventDate "2021.02.19"]
[EventType "team-tourn"]
[EventCountry "NET"]
[SourceTitle "playchess.com"]
[Source "ChessBase"]
[SourceQuality "1"]

1. d4 d5 2. c4 e6 3. Nc3 Bb4 4. Nf3 Nf6 5. Bg5 O-O 6. e3 c6 7. Bd3 Nbd7 8. O-O Qc7 9. Rc1 b6 10. Bf4 Bd6 11. Bg3 Rb8 12. cxd5 exd5 13. Nb5 Qd8 14. Nxd6 Qe7 15. Nxc8 Rbxc8 16. Ne5 c5 17. dxc5 bxc5 18. Nxd7 Nxd7 19. Qh5 Nf6 20. Qf5 c4 21. Bb1 Ne4 22. f3 Nf6 23. Be5 Rfe8 24. Bxf6 Qxe3+ 25. Kh1 gxf6 26. Qxh7+ Kf8 27. Rce1 Qxe1 28. Qh8+ Ke7 29. Rxe1+ Kd7 30. Qh3+ Kc6 31. Rxe8 Rxe8 32. Qg3 f5 33. Kg1 f4 34. Qf2 Re3 35. g3 d4 36. Be4+ Kc5 37. b3 fxg3 38. hxg3 c3 39. Qf1 d3 40. Bxd3 Kd4 41. Bb5 c2 42. Qc4+ Ke5 43. Qxc2 Re1+ 44. Kf2 Rh1 45. Qe4+ Kf6 46. Qd4+ Kg6 47. Bd3+ Kh6 48. Qf6+ Kh5 49. g4# 1-0

[Event "1st FIDE OWCCCC Pools-East 2021"]
[Site "Online"]
[Date "2021.02.19"]
[Round "2.46"]
[White "Maciaszek, Michal"]
[Black "Kapustin, Artem"]
[Result "0-1"]
[WhiteElo "1080"]
[BlackElo "1896"]
[Annotator "NA"]
[PlyCount "78"]
[EventDate "2021.02.19"]
[EventType "team-tourn"]
[EventCountry "NET"]
[SourceTitle "playchess.com"]
[Source "ChessBase"]
[SourceQuality "1"]

1. e4 c6 2. g3 d5 3. d3 dxe4 4. d4 Nf6 5. Bg2 Bg4 6. Qd2 e6 7. a3 Be7 8. h3 Bf5 9. Nc3 h5 10. Nge2 c5 11. d5 exd5 12. Qg5 g6 13. Qd2 d4 14. Nb5 a6 15. Nbc3 dxc3 16. Qxd8+ Bxd8 17. Nxc3 Nc6 18. Bg5 Nd4 19. Rc1 O-O 20. O-O Nf3+ 21. Bxf3 exf3 22. Rcd1 Bxh3 23. Rfe1 Kg7 24. Bxf6+ Bxf6 25. Nd5 Bxb2 26. Re7 b5 27. Nc7 Rad8 28. Rb1 Bf6 29. Ne6+ Bxe6 30. Ra7 Rd2 31. Rxa6 Bd4 32. Kh2 Rxf2+ 33. Kg1 Rxc2+ 34. Kf1 Bc4+ 35. Ke1 Re8+ 36. Kd1 Rce2 37. Rc1 Bb3+ 38. Rc2 f2 39. Rd6 f1=R# 0-1

[Event "1st FIDE OWCCCC Pools-East 2021"]
[Site "Online"]
[Date "2021.02.19"]
[Round "2.46"]
[White "Zengaffinen-Morris, Thomas"]
[Black "Rishabh Jain"]
[Result "0-1"]
[WhiteElo "936"]
[BlackElo "1771"]
[Annotator "NA"]
[PlyCount "126"]
[EventDate "2021.02.19"]
[EventType "team-tourn"]
[EventCountry "NET"]
[SourceTitle "playchess.com"]
[Source "ChessBase"]
[SourceQuality "1"]

1. e4 c5 2. Nc3 Nc6 3. a3 Nf6 4. Bc4 e6 5. d3 a6 6. Be3 b5 7. Ba2 Bb7 8. Nf3 Be7 9. h3 b4 10. Ne2 O-O 11. O-O Qa5 12. c3 bxa3 13. Qc2 axb2 14. Qxb2 Qc7 15. d4 cxd4 16. Nfxd4 Nxe4 17. f3 Nf6 18. Nf4 Bc5 19. Nxc6 Bxe3+ 20. Kh1 Bxc6 21. Ne2 Bh6 22. Nd4 Nd5 23. Nxc6 Qxc6 24. Qb3 Qxc3 25. Qxc3 Nxc3 26. Bb3 Rab8 27. Bc4 Rb6 28. g4 Ra8 29. h4 g5 30. Rfc1 Nb5 31. h5 Bg7 32. Rcb1 Bxa1 33. Rxa1 Nd4 34. Kg2 d5 35. Bd3 Rb2+ 36. Kg3 a5 37. f4 gxf4+ 38. Kxf4 Kg7 39. Ra4 Rb4 40. Rxb4 axb4 41. Ke5 Nf3+ 42. Kf4 Ra3 43. Be2 Nd4 44. Bd1 b3 45. Bxb3 Rxb3 46. g5 Nc6 47. h6+ Kg6 48. Kg4 d4 49. Kf4 d3 50. Ke3 e5 51. Kd2 e4 52. Ke3 Kxg5 53. Kd2 Kf4 54. Kd1 e3 55. Ke1 d2+ 56. Kd1 Rb1+ 57. Ke2 Re1+ 58. Kd3 d1=Q+ 59. Kc3 Qc1+ 60. Kd3 Qd2+ 61. Kc4 Rc1+ 62. Kb5 Qb2+ 63. Ka6 Ra1# 0-1

[Event "1st FIDE OWCCCC Pools-East 2021"]
[Site "Online"]
[Date "2021.02.19"]
[Round "2.46"]
[White "avinash_upp"]
[Black "Bossut, Louis"]
[Result "0-1"]
[WhiteElo "655"]
[BlackElo "1719"]
[Annotator "NA"]
[PlyCount "52"]
[EventDate "2021.02.19"]
[EventType "team-tourn"]
[EventCountry "NET"]
[SourceTitle "playchess.com"]
[Source "ChessBase"]
[SourceQuality "1"]

1. e4 e6 2. Nf3 d5 3. exd5 exd5 4. Bb5+ c6 5. Ba4 Bd6 6. O-O Ne7 7. Re1 Bg4 8. d3 Nd7 9. Bg5 f6 10. Bd2 Qc7 11. g3 Ne5 12. Rxe5 Bxe5 13. Bc3 O-O-O 14. Bxe5 fxe5 15. Nbd2 e4 16. dxe4 dxe4 17. Qe2 exf3 18. Nxf3 Rhf8 19. Re1 Nd5 20. Qd3 Rxf3 21. Qxh7 Rdf8 22. Qxg7 Qxg7 23. c4 Qxb2 24. cxd5 Qxf2+ 25. Kh1 Qxe1+ 26. Kg2 Qf1# 0-1